000 00456nam a22001937a 4500
001 sjds
003 sjds
005 20230209193532.0
008 230209b |||||||| |||| 00| 0 spa d
020 _a8426118895
020 _a9788426118899
040 _csjds
041 _aspa
100 1 _aPerez, Rafael
245 _a El sobre azul :
_bnovela /
_cRafael Perez
260 _aBarcelona :
_bJuventud,
_c1982
300 _c 224 p.
_g18 cm.
942 _cBK
999 _c28037
_d28037